Państwa graniczące z Rosją - Statystyki

Ogólne statystyki
  • Ten quiz został rozwiązany 84 razy
  • Średni wynik to 13 z 14
Statystyki odpowiedzi
Hint Odpowiedź % Poprawnych
210km Polska
99%
1576km Ukraina
99%
959km Białoruś
95%
3645km Chiny
95%
227km Litwa
95%
292km Łotwa
95%
1313km Finlandia
94%
290km Estonia
93%
6846km Kazachstan
91%
723km Gruzja
89%
3441km Mongolia
89%
284km Azerbejdżan
80%
17,5km Korea Północna
75%
196km Norwegia
74%
Nie znaleziono quizów pasujących do podanych kryteriów
Rozkład punktacji
Procent ludzi z każdym wynikiem
Percentyl według liczby udzielonych odpowiedzi
Twoja historia wyników
Nie rozwiązałeś tego quizu